MS-DOS 6.2 σε 20 απλά μαθήματα

Αποθηκεύτηκε σε:
Λεπτομέρειες βιβλιογραφικής εγγραφής
Κύριος συγγραφέας: Simpson, Alan, 1953-
Άλλοι συγγραφείς: Καραγεώργης, Σωκράτης (Μεταφραστής)
Μορφή: Βιβλίο
Γλώσσα:Greek
English
Δημοσίευση: Αθήνα : Κλειδάριθμος, c1993.
Θέματα:
Ετικέτες: Προσθήκη ετικέτας
Δεν υπάρχουν, Καταχωρήστε ετικέτα πρώτοι!

MARC

LEADER 00000cam a2200000 i 4500
001 1/56170
008 951103s1993####gr | ||| |||| ||gre||
020 |a 9603320021 
035 |1 ΕΛΗ  |a 1995  |b 2510  |c ΣΠΥΡΟΥ  |l 10045488 
040 |a GR-MyUA  |b gre  |e AACR2 
041 1 |a gre  |h eng 
082 7 |a 005.43   |2 (22) 
100 1 |a Simpson, Alan,   |d 1953- 
245 1 0 |a MS-DOS 6.2 σε 20 απλά μαθήματα /   |c Allan Simpson ; μετάφραση Σωκράτης Καραγεώργης.  
260 |a Αθήνα :   |b Κλειδάριθμος,   |c c1993.  
300 |a 191 σ. ;   |c 23 εκ. 
500 |a Τίτλος πρωτοτύπου: Up & Running with Dos 6.2.  
630 0 0 |a MS-DOS (Computer file) 
700 1 |a Καραγεώργης, Σωκράτης,  |e trl 
852 |a INST  |b SAMOS  |e 19951103  |h 005.43 SIM  |p 005300010078  |q 005300010078  |t BK  |y 0